چین یا تر ا (Record no. 147984)

MARC details
000 -LEADER
fixed length control field 00599nam a22001937a 4500
005 - DATE AND TIME OF LATEST TRANSACTION
control field 20171213155643.0
010 ## - LCCN (DPL NO)
LC control number UR-9970
020 ## - INTERNATIONAL STANDARD BOOK NUMBER
Terms of availability 400.00
International Standard Book Number 9788186346709
035 ## - SYSTEM CONTROL NUMBER
System control number U-8525
037 ## - SOURCE OF ACQUISITION
Source of stock number/acquisition DBAD/PUB
100 ## - MAIN ENTRY--PERSONAL NAME
Personal name ف-س--ا عجا ز
245 ## - TITLE STATEMENT
Title چین یا تر ا
Statement of responsibility, etc ف-س--ا عجا ز
246 ## - VARYING FORM OF TITLE
Remainder of title Cheen yatra
Title proper/short title by Fay Seen Ejaz
260 ## - PUBLICATION, DISTRIBUTION, ETC. (IMPRINT)
Place of publication, distribution, etc Kolkata
Name of publisher, distributor, etc Insha Publications
Date of publication, distribution, etc 2017
270 ## - ADDRESS
Address 25-B,Zakaria Street,
City Kolkata
Postal code 700073
Telephone number 91-33-22354616
Fax number -
300 ## - PHYSICAL DESCRIPTION
Extent 168ص
Dimensions 22 Cm.(B.b)
500 ## - GENERAL NOTE
General note دو حصہ
942 ## - ADDED ENTRY ELEMENTS (KOHA)
Source of classification or shelving scheme Dewey Decimal Classification
Item type Urdu Bks
Classification part 910.41
Call number suffix ف س ا
Holdings
Withdrawn status Lost status Not for loan Collection code Home library Current library Date acquired Source of acquisition Cost, normal purchase price Full call number Barcode Copy number Cost, replacement price Koha item type
    Not For Loan Non-fiction D.B.Act.Division D.B.Act.Division 13/12/2017 DBAD/PUB. 400.00 910.41 ف س ا U-8525 1 400.00 Urdu Bks

© Delhi Public Library
Hit Counter
free hit counter